Maqbūl-i ʻām, (Record no. 67301)
[ view plain ]
| 000 -LEADER | |
|---|---|
| fixed length control field | 00655cam a22002171 4500 |
| 001 - CONTROL NUMBER | |
| control field | sa 66000526 |
| 003 - CONTROL NUMBER IDENTIFIER | |
| control field | DLC |
| 005 - DATE AND TIME OF LATEST TRANSACTION | |
| control field | 20260227112215.0 |
| 008 - FIXED-LENGTH DATA ELEMENTS--GENERAL INFORMATION | |
| fixed length control field | 960924s195u pk 000 0 pusr |
| 010 ## - LIBRARY OF CONGRESS CONTROL NUMBER | |
| LC control number | sa 66000526 |
| 025 ## - OVERSEAS ACQUISITION NUMBER | |
| Overseas acquisition number | PL480:P-Pushto-203 |
| 035 ## - SYSTEM CONTROL NUMBER | |
| System control number | (OCoLC)35625798 |
| 040 ## - CATALOGING SOURCE | |
| Original cataloging agency | DLC |
| Transcribing agency | CLU |
| Modifying agency | CLU |
| -- | DLC |
| 042 ## - AUTHENTICATION CODE | |
| Authentication code | premarc |
| 050 00 - LIBRARY OF CONGRESS CALL NUMBER | |
| Classification number | PK6820.N83 |
| Item number | M3 |
| 100 0# - MAIN ENTRY--PERSONAL NAME | |
| Personal name | Nūr Maḥmad Nawṣhārạy. |
| 245 00 - TITLE STATEMENT | |
| Title | Maqbūl-i ʻām, |
| Remainder of title | Takhayyalāt Nūr Maḥmad Nawkhārạy. |
| Statement of responsibility, etc. | author: Ustād Nūr Maḥmad Nawkhārạy. |
| 260 ## - PUBLICATION, DISTRIBUTION, ETC. | |
| Place of publication, distribution, etc. | Pishāwar Shahar, |
| Name of publisher, distributor, etc. | ʻAbd al-Ḥakīm end Sạnz |
| Date of publication, distribution, etc. | [195-?] |
| 300 ## - PHYSICAL DESCRIPTION | |
| Extent | 56 p. |
| Dimensions | 25 cm. |
| 500 ## - GENERAL NOTE | |
| General note | Poems. |
No items available.